000 00612nam a2200205 a 4500
005 20240614063717.0
008 991125s1965 bos 000 0 eng u
035 _aUPN01000054755
049 _aCG
050 4 _aPE1119 H6.8
100 1 _aHorrocks, Edna M.
245 1 0 _aSpelling :
_bgrade two /
_cEdna M. Horrocks, Edith M. Evans, Ralph C. Staiger
260 _aBoston (EE.UU) :
_bGinn,
_c1965
300 _a127 p. :
_bil. col.
650 4 _aInglés
_xEstudio y enseñanza
_918
700 2 _aEvans, Edith M.,
_ecoaut.
700 1 _aStaiger, Ralph C.,
_ecoaut.
_930044
904 _aAC
_b054758
905 _aLibro
999 _c54755
_d54755